| 000 | 00501nam a22001937a 4500 | ||
|---|---|---|---|
| 003 | CEME | ||
| 005 | 20210628203022.0 | ||
| 008 | 210119b xxu||||| |||| 00| 0 eng d | ||
| 020 | _a81-204-0602-8 | ||
| 040 | _c. | ||
| 082 | _a658.3 INT | ||
| 100 |
_aIlo _962902 |
||
| 245 | _aIntroduction to work study, indian adaptation | ||
| 250 | _a3RD ED | ||
| 260 |
_aNEW DELHI _bOXFORD & IBH PUBLISHING _c1999 |
||
| 300 | _aXIV,407 P | ||
| 650 |
_aWORK MEASUREMENT. WORK STUDY _962903 |
||
| 942 |
_cBK _2ddc |
||
| 999 |
_c571856 _d571856 |
||